|
|
|
|
| LEADER |
00000nab a2200000 a 4500 |
| 001 |
vtls000863202 |
| 003 |
SK-MaSNL |
| 005 |
20260426083028.0 |
| 008 |
250429c2003 xo 0 slo |
| 015 |
|
|
|a SNBRB2004/02-05513
|
| 035 |
|
|
|a CLN000214767
|
| 035 |
|
|
|a urn:nbn:sk:snk-aba7d6
|
| 035 |
|
|
|a (urnnbn)urn:nbn:sk:snk:ar-a09j8p
|
| 035 |
|
|
|a (uuid)c13379f8-19c2-48ff-9421-3ae95c84bc9b
|
| 040 |
|
|
|a SNKBUCL
|b slo
|c SNKBUCL
|e AACR2
|
| 041 |
0 |
|
|a ger
|
| 044 |
|
|
|a xo
|c SK
|
| 080 |
|
|
|a 902.2(437.6)
|2 1981
|
| 080 |
|
|
|a 903.4(437.6)"6387":737:902
|2 1981
|
| 080 |
|
|
|a 737(437.6):902
|2 1981
|
| 100 |
1 |
|
|a Kolníková, Eva,
|d 1935-
|4 aut
|9 26935
|
| 245 |
1 |
0 |
|a Fundmünzen in den laténezeitlichen Burgwällen und anderen Höhenlagen in der Slowakei
|c Eva Kolníková
|
| 300 |
|
|
|b Obr., tab.
|
| 504 |
|
|
|a Bibliogr. odkazy
|
| 546 |
|
|
|a Res. slov.
|
| 650 |
0 |
7 |
|a výšinné hradiská
|2 snkbucl
|9 76104
|
| 650 |
0 |
7 |
|a mince
|2 snkbucl
|9 2305
|
| 650 |
0 |
7 |
|a doba laténska
|2 snkbucl
|9 71483
|
| 650 |
0 |
7 |
|a výšinné sídliská
|2 snkbucl
|9 612750
|
| 650 |
0 |
7 |
|a archeologické nálezy
|2 snkbucl
|9 4975
|
| 651 |
|
7 |
|a Slovensko
|2 SNKPHgeo
|9 14231
|
| 773 |
0 |
|
|t Slovenská archeológia
|g Roč. 51, č. 2 (2003), s. 223-246
|x 1335-0102
|
| 850 |
|
|
|a Slovenská národná knižnica
|
| 852 |
|
|
|a Slovenská národná knižnica
|
| 958 |
|
|
|a article13
|
| 958 |
|
|
|a NB
|
| 958 |
|
|
|a OND
|
| 958 |
|
|
|a EUIPO
|
| 999 |
|
|
|c 2893634
|d 2895564
|